Effect of organic fertilizer on tomato at royal university of agriculture ឥទ្ធិពលជីសរីរាង្គលើដំណាំប៉េងប៉ោះ នៅសាកលវិទ្យាល័យភូមិន្ទកសិកម្ម (Record no. 749)

000 -LEADER
fixed length control field 00620nam a22001577a 4500
003 - CONTROL NUMBER IDENTIFIER
control field OSt
005 - DATE AND TIME OF LATEST TRANSACTION
control field 20150918153700.0
008 - FIXED-LENGTH DATA ELEMENTS--GENERAL INFORMATION
fixed length control field 150918b xxu||||| |||| 00| 0 eng d
040 ## - CATALOGING SOURCE
Transcribing agency RUA
082 ## - DEWEY DECIMAL CLASSIFICATION NUMBER
Classification number AGR SAM 2006 B034 Or.1
100 ## - MAIN ENTRY--PERSONAL NAME
9 (RLIN) 781
Personal name SAMNANG, CHANBONY.
245 ## - TITLE STATEMENT
Title Effect of organic fertilizer on tomato at royal university of agriculture ឥទ្ធិពលជីសរីរាង្គលើដំណាំប៉េងប៉ោះ នៅសាកលវិទ្យាល័យភូមិន្ទកសិកម្ម
260 ## - PUBLICATION, DISTRIBUTION, ETC. (IMPRINT)
Place of publication, distribution, etc. Phnom Penh
Name of publisher, distributor, etc. RUA
Date of publication, distribution, etc. 2006
300 ## - PHYSICAL DESCRIPTION
Extent 55p.
Other physical details ill.
Dimensions 29cm.
942 ## - ADDED ENTRY ELEMENTS (KOHA)
Source of classification or shelving scheme
Koha item type AGR
Holdings
Price effective from Date last seen Permanent Location Not for loan Date acquired Date last checked out Source of classification or shelving scheme Total Checkouts Koha item type Barcode Lost status Damaged status Withdrawn status Current Location Full call number
2015-09-182015-09-18Library Block B 2015-09-18   AGRRUA008154   Library Block BAGR SAM 2006 B034 Or.1
2015-09-182019-12-28Library Block B 2015-09-182019-12-06 3AGRRUA008675   Library Block BAGR SAM 2006 B034 Or.2
មជ្ឈមណ្ឌលឯការនៃសាកលវិទ្យាល័យភូមិន្ទកសិកម្មចំការដូង

Powered by Koha